000 01834cam a22005414a 4500
001 102961
005 20230411085615.0
008 041015s2005 nyua 001 0 eng
010 _a 2004024498
035 _a(OCoLC)ocm56825385
040 _aDLC
_beng
_cDLC
_dIG#
_dQBX
_dBAKER
_dVP@
_dBTCTA
_dOCLCG
_dYDXCP
_dOCLCQ
020 _a157990632X (pbk.)
020 _a9781579906320 (pbk.)
029 1 _aNZ1
_b8917891
029 1 _aAU@
_b000026322948
029 1 _aIG#
_b9781579906320
035 _a(OCoLC)56825385
037 _a1241683
_bQBI
042 _apcc
049 _aGRAL
050 1 4 _aTR 267
_bF855p 2005
082 0 0 _a778
100 1 _aFreeman, Michael,
_d1945-.
245 1 0 _aPro digital photographer's handbook /
_cMichael Freeman.
250 _a1st ed.
260 _aNew York :
_bLark Books,
_c2005.
300 _a256 p. :
_bcol. ill. ;
_c26 cm.
490 1 _aA Lark photography book
500 _aIncludes index.
650 0 _aPhotography
_xDigital techniques.
650 0 _aImage processing
_xDigital techniques.
650 0 _aDigital cameras.
650 4 _aFotografía digital.
650 4 _aFotografía digital
_xTécnicas.
650 4 _aFotografía digital
_vManuales.
650 4 _aFotografía digital
_xColor.
830 0 _aLark photography book.
856 4 1 _3Table of contents
_uhttp://catdir.loc.gov/catdir/toc/ecip052/2004024498.html
856 4 2 _3Publisher description
_uhttp://catdir.loc.gov/catdir/enhancements/fy0617/2004024498-d.html
938 _aQuality Books, Inc.
_bQUAL
_na 04024498
938 _aBaker & Taylor
_bBKTY
_c24.95
_d18.71
_i157990632X
_n0006142923
_sactive
938 _aBaker and Taylor
_bBTCP
_n2004024498
938 _aIngram
_bINGR
_n9781579906320
938 _aYBP Library Services
_bYANK
_n3435194
942 _2lcc
_cbk
994 _aC0
_bDRFGD
946 _anc
999 _c104584
_d104584